|
|
|
|
| LEADER |
00000ny a22000003n 4500 |
| 005 |
20110509110129.0 |
| 008 |
080704s2002 sp r s 000 a0spa c |
| 035 |
|
|
|a 1678
|
| 040 |
|
|
|a UMA.RE
|d vlex
|
| 080 |
|
|
|a 339.137(0.034)
|
| 090 |
|
|
|c 1433
|d 1433
|
| 245 |
0 |
0 |
|a Revista de Competencia y Sectores Regulados
|h [Recurso electrn̤ico]
|
| 256 |
|
|
|a Servicio en ln̕ea
|
| 260 |
|
|
|a Madrid :
|b CMS Albiąna & Sur̀ez de Lezo
|
| 310 |
|
|
|a Entre 8 y 12 nm︢s. anuales
|
| 506 |
1 |
|
|a Contenido solo disponible en los productos indicados
|d vLex Global
|d vLex Global (Academic Edition, excluding Law Schools)
|d vLex Global (U.S. Academic Edition, Law Schools)
|d vLex Global (U.S. Academic Edition, excluding Law Schools)
|d vLex Global (Academic Edition, Law Schools)
|
| 650 |
0 |
7 |
|a Derecho de la competencia econm̤ica
|2 Tesauro vLex
|
| 650 |
0 |
7 |
|a Practicas restrictivas de la competencia
|2 Tesauro vLex
|
| 650 |
0 |
7 |
|a Control de las concentraciones en Espaą
|2 Tesauro vLex
|
| 740 |
0 |
|
|a vLex Revista (Servicios en ln̕ea)
|
| 853 |
|
|
|8 1
|i (year)
|j (month)
|k (day)
|
| 856 |
4 |
0 |
|u http://vlex.com/source/1678
|z Acceso restringido
|
| 942 |
|
|
|c REV
|